000 00951cab a2200337 4500
001 WB3005-31
008 090401t1994 xxu||||| |||| 00| 0 eng d
035 _a(Sirsi) u62259
041 _aeng
245 _aUrban quality
260 _c1994
350 _a0
490 _aDoE News Release
_v(54) 31 January 1994 (4)
520 _aGovernment has rejected two out-of-town retail developments in line with policy to protect town centres and relieve pressure on greenfield sites.
650 _aANNIVERSARY
650 _aDUXFORD
650 _aLUDLOW
650 _aOUT-OF-TOWN DEVELOPMENT
650 _aOUT-OF-TOWN SHOPPING
650 _aPLANNING POLICY
650 _aRETAIL PROPERTY
650 _aRTPI
650 _aSHOPPING CENTRES
650 _aTOWN CENTRES
650 _aURBAN REGENERATION
650 _aURBAN SPRAWL
690 _aPLANNING LAW AND PRACTICE
690 _aURBAN RENEWAL
942 _n0
948 _c04/03/1997
999 _c38690
_d38690